00889 a2200181 4500003000500000005001700005010001700022020001500039040000900054082001900063100002100082245007300103250001200176260005500188300003600243505040500279650002300684Nust20221117184616.0 a 2001023488 a0130916218 cNust00a621.380413,KEN1 aKennedy, Genorge10aElectronic communication systems /cGeorge Kennedy and Bernard Davis a4th ed. aUpple Saddle River, N.J. :bPrentice Hall,cc2002. axii, 763 p. :bill. ;c27 cm. + aIntroduction To Communications Systems (Page-1), Noise (Page-14), Amplitude Modulation (Page-35), Single-Sideband Techniques (Page-56), Frequency Modulation (Page-79), Radio Receivers (Page-118), Transmission Lines (Page-185), Antennas (Page-255), Microwave Tubes And Circuits (Page-377), Pulse Comm. (Page-484), Digital Comm. (Page-516), Radar Systems (Page-600), Television Fundamentals (Page-648). 0aTelecommunication.